Score 0/25 Timer 03:00
0 Plays Today
Hint Answer % Correct
Poison _____Ivy
92.1%
_____ WomanWonder
89.9%
Harley _____Quinn
88.2%
Lex _____Luthor
85.9%
_____ LanternYellow
82.1%
Green _____Arrow
81.6%
Swamp _____Thing
79%
_____ al GhulRa's
77.1%
_____ TerrificMr.
74.7%
Barbara _____Gordon
69.8%
Killer _____Croc
67%
General _____Zod
66.4%
_____ FateDoctor
65.9%
Hint Answer % Correct
_____ JordanHal
64.3%
Jimmy _____Olsen
59.4%
_____ StewartJohn
58.8%
_____ BoyBeast
53.7%
_____ SamUncle
51.8%
_____ GirlPower
50.7%
Mr. _____Freeze
45.2%
_____ SavageVandal
42.7%
_____ RaynerKyle
42.2%
_____ ManElongated
35%
_____ OwlNite
33.5%
Atom _____Smasher
31.5%

Today's Daily Dose

Word Ladder
I Have a Dream

Get the Picture
January Holidays

Remove Ads.
Support Sporcle.
Get the best of Sporcle when you Go Orange. This ad-free experience offers more features, more stats, and more fun while also helping to support Sporcle. Thank you for becoming a member.

You're not logged in!

Compare scores with friends on all Sporcle quizzes.
OR
Log In

Show Comments

Extras

Top Quizzes Today


Score Distribution

Your Account Isn't Verified!

In order to create a playlist on Sporcle, you need to verify the email address you used during registration. Go to your Sporcle Settings to finish the process.

Report this User

Report this user for behavior that violates our Community Guidelines.

Details: